One Direction related - Statistics

General Stats
  • This quiz has been taken 803 times
  • The average score is 5 of 13
Answers on the Grid
Answers color-coded by a green-red scale on the quiz's grid according to % correct below.
Anne
Bedroom Floor
Calamity
Changes
Charlotte
Don't Worry Darling
Four
Girl Crush
Harry
Heartbreak Weather
HS1
Liam
Louis
Love on tour
Lux
Niall
night changes
Paul
Saturday
This Town
torn
Where do Broken Hearts go
Woman
Zayn
 
Answer Stats
Answer % Correct
Anne
70%
Harry
63%
Louis
58%
night changes
50%
Liam
42%
Where do Broken Hearts go
40%
Niall
39%
Zayn
39%
Paul
37%
torn
35%
Four
34%
Charlotte
25%
Lux
18%
No matching quizzes found
Score Distribution
Percent of People with Each Score
Percentile by Number Answered
Your Score History
You have not taken this quiz